| 000 | 00867na a2200265 4500 | ||
|---|---|---|---|
| 001 | 13607 | ||
| 003 | MIRAKIL | ||
| 005 | 20181213155226.0 | ||
| 008 | 160817b tu 000 0 | ||
| 020 | _a9751201179 | ||
| 035 | _a13607 | ||
| 040 |
_aMilas _btur _cTR-AnCHP |
||
| 082 |
_aATA 923.156 _bA72s 1993 |
||
| 090 | _aATA 923.156 A72s 1993 | ||
| 100 |
_aAtatürk, Mustafa Kemal _d1881-1838 |
||
| 245 |
_aSöylev _b"Nutuk" _cMustafa Kemal Atatürk ; hazırlayan: Baki Kurtuluş |
||
| 260 |
_aAnkara _bKurtuluş Yayınları _c1993 |
||
| 300 |
_axvi, 395 s, _c20 sm. |
||
| 600 |
_aAtatürk, Mustafa Kemal _d1881-1938 _xSöylev ve demeçler |
||
| 600 |
_aAtatürk, Mustafa Kemal _d1881-1938 _xSiyasal ve sosyal görüşler |
||
| 650 |
_aAtatürk devrimleri _zTürkiye |
||
| 651 |
_aTürkiye _xSiyaset ve yönetim |
||
| 700 | _aKurtuluş, Baki | ||
| 942 |
_2ddc _cBKS |
||
| 999 |
_c8860 _d8860 |
||